000 00874nam a2200205 a 4500
001 000021486
005 20200930011338.0
008 100908s1982 dr a r 000 0 spa d
040 _aDO-SdBNP
_bspa
_cBNPHU
082 _a352.48
_bR426p, 1982
110 1 _aRepública Dominicana.
_bSecretariado Técnico de la Presidencia.
_bOficina Nacional de Presupuesto.
_932266
245 1 0 _aPresupuestos de ingresos y gastos de las instituciones descentralizadas y autónomas 1982.
260 _aSanto Domingo :
_bSecretariado Técnico de la Presidencia,
_c1982.
300 _av. :
_bil. ;
_c28 cm.
590 _aInventariado, 2018/BT
650 4 _aPresupuesto
_zRepública Dominicana
_97940
651 4 _aRepública Dominicana
_xGastos Presupuestados Públicos
_y1982
_944803
650 4 _aHacienda pública
_zRepública Dominicana
_96562
910 _aValidado. Control de calidad. MMOLINA
999 _c20986
_d20986